000 00812nam a2200301Ia 4500
008 160803s9999 xx 000 0 und d
020 _a9780439166232
100 _aSachar, Louis
245 _aDogs don't tell jokes /
245 _cLouis Sachar.
260 _aNew York :
260 _bScholastic Inc.
260 _c1991
300 _a209 pages ;
300 _c19 cm
500 _aReprint: Originally published: New York : Knopf, ©1997.
650 _aJuvenile life-Fiction -- Talent contest-Fiction --
650 _aSchools --
650 _aSchools --
650 _aSelf-perception --
650 _aSelf-perception --
650 _xComedian-Fiction.
650 _xFiction.
650 _xFiction.
650 _xJuvenile fiction.
650 _xJuvenile fiction.
700 _a560
999 _c299548
_d299548